Mechanics of materials / (Record no. 25687)

MARC details
000 -LEADER
fixed length control field 00669nam a22002175a 4500
005 - DATE AND TIME OF LATEST TRANSACTION
control field 20201124142802.0
008 - FIXED-LENGTH DATA ELEMENTS--GENERAL INFORMATION
fixed length control field 171128r20042001si a fr 000 0 eng d
020 ## - INTERNATIONAL STANDARD BOOK NUMBER
International Standard Book Number 9812548637
040 ## - CATALOGING SOURCE
Original cataloging agency EG-ScBUE
Language of cataloging eng
Transcribing agency EG-ScBUE
Modifying agency EG-ScBUE
082 04 - DEWEY DECIMAL CLASSIFICATION NUMBER
Edition number 22
Classification number 620.112
Item number GER
100 1# - MAIN ENTRY--PERSONAL NAME
9 (RLIN) 26026
Personal name Gere, James M.
245 10 - TITLE STATEMENT
Title Mechanics of materials /
Statement of responsibility, etc James M. Gere.
250 ## - EDITION STATEMENT
Edition statement 5th ed., Reprint ed.
260 ## - PUBLICATION, DISTRIBUTION, ETC. (IMPRINT)
Place of publication, distribution, etc Singapore :
Name of publisher, distributor, etc Thomson / Brooks Cole,
Date of publication, distribution, etc 2004.
300 ## - PHYSICAL DESCRIPTION
Extent xviii, 918 p. :
Other physical details ill. ;
Dimensions 24 cm.
500 ## - GENERAL NOTE
General note Reprinted of 2001 ed.
650 #7 - SUBJECT ADDED ENTRY--TOPICAL TERM
Source of heading or term BUEsh
9 (RLIN) 10669
Topical term or geographic name as entry element Strength of materials.
651 ## - SUBJECT ADDED ENTRY--GEOGRAPHIC NAME
Source of heading or term BUEsh
653 ## - INDEX TERM--UNCONTROLLED
Resource For college Generalities
Arrived date list November2017
942 ## - ADDED ENTRY ELEMENTS (KOHA)
Source of classification or shelving scheme Dewey Decimal Classification
Holdings
Withdrawn status Item status Source of classification or shelving scheme Damaged status Not for loan Home library Current library Shelving location Date acquired Total Checkouts Full call number Barcode Date last seen Koha item type
    Dewey Decimal Classification     Central Library Central Library First floor 28/11/2017   620.112 GER 000042580 15/07/2025 Book - Borrowing